Statistiques concernant Les journaux quotidiens les plus vendus en France

Cliquez ici pour prendre le quiz!

Statistiques générales

  • Ce quiz a été pris 109 fois
  • Le résultat moyen est 4 sur 9

Statistiques - réponses

Exemplaires vendusJournal% Correct
482kLe Monde
92%
256kLe Parisien + Aujourd'hui
78%
354kLe Figaro
76%
98kLibération
64%
215kL'Equipe
38%
36kL'Humanité
31%
80kLa Croix
18%
138kLes Echos
16%
5kThe New York Times
2%

Distribution des résultats

Percentile par nombre de réponses

% des personnes avec chaque résultat

Votre développement - résultats

Vous n’avez pas pris ce quiz